00468 2200181 4500245005700000020002200057250001100079100003400090700001900124700001700143650002000160005001900180260003100199041001400230084000900244300002400253336000900277 aSirah NabawiyahcShafiyurrahman al-MubarakfurihText a978-602-250-170-1 aCet. 3 aShafiyurrahman al-Mubarakfuri aSuchail Suyuti aArif Muhajir aSirah Nabawiyah a20240910111727 aJakartabGema Insanic2017 aIndonesia aNONE a372 hlm. :c25,7 cm atext